| 000 | 01914nam a2200529 ib4500 | ||
|---|---|---|---|
| 001 | vtls000848509 | ||
| 003 | PNM | ||
| 005 | 20200713153232.0 | ||
| 008 | 180306t20182018my abo j 000 0 may | ||
| 015 | _aM18-03043 | ||
| 020 |
_a9789670789972 _qpaperback _cRM17.90 |
||
| 039 | 9 |
_a201811150931 _bhazwani _c201808071404 _drosliza _c201804180933 _dnor_afizah _c201804180933 _dnor_afizah |
|
| 040 |
_aBNM _beng _cBNM _dPNM _dPPAK _erda |
||
| 049 | _aklpmal | ||
| 082 | 0 | 4 |
_a039 _223 |
| 090 | 0 | 0 |
_a039 _bATL |
| 090 | 0 | 0 |
_a039 _bATL _dK |
| 245 | 0 | 0 |
_aATLAS KEAJAIBAN DUNIA / _cSuntingan oleh: Galia Lami Dozo - van der Kar ; Penyusunan oleh: Gary Smethurst ; Konsep, illustrasi & reka letak oleh: Vivi & Gus ; Terjemahan oleh: Advantage Quest Sdn. Bhd. |
| 264 | 1 |
_aPetaling Jaya, Selangor : _bAdvantage Quest Sdn. Bhd., _c[2018?] |
|
| 264 | 4 | _c©2018 | |
| 300 |
_a24 pages : _bcolour illustrations, colour maps, colour photographs ; _c30 cm. |
||
| 336 |
_atext _2rdacontent |
||
| 337 |
_aunmediated _2rdamedia |
||
| 338 |
_avolume _2rdacarrier |
||
| 490 | 1 | _aAtlas | |
| 500 | _aIncludes questions and answers | ||
| 650 | 1 | 0 |
_aAtlases _vJuvenile literature |
| 650 | 2 | 0 |
_aCuriosities and wonders _vJuvenile literature |
| 650 | 2 | 0 | _aArchitecture, Ancient |
| 650 | 2 | 0 | _aCivilization, Ancient |
| 700 | 1 |
_aLami Dozo-van der Kar, Galia, _eeditor. |
|
| 700 | 1 |
_aSmethurst, Gary, _eeditor. |
|
| 700 | 0 |
_aVivi, _eillustrator. |
|
| 700 | 0 |
_aGus, _eillustrator. |
|
| 710 | 2 |
_aAdvantage Quest Sdn. Bhd., _etranslator. |
|
| 830 | 0 | _aAtlas | |
| 942 |
_2ddc _cB |
||
| 949 |
_62000616898 _a039 ATL f M |
||
| 949 |
_62000616897 _a039 ATL f M |
||
| 949 |
_62000616899 _a039 ATL f M |
||
| 949 |
_62000098375 _a039 ATL f M _e2540755 |
||
| 949 |
_62000098376 _a039 ATL f M _e2540756 |
||
| 949 |
_61001304476 _e2540753 |
||
| 949 |
_61001304477 _e2540754 |
||
| 949 |
_61001304478 _e2540757 |
||
| 949 |
_61001304479 _e2540758 |
||
| 999 |
_c177879 _d177879 |
||